Prueba de Sudán - Estadísticas

Estadísticas generales
  • Esta prueba ha sido intentada 1.108 veces
  • La puntuación promedio es 16 de 21
Estadísticas de respuestas
Pista Respuesta % Correcto
País limítrofe Egipto
97%
País limítrofe Sudán del Sur
97%
País limítrofe Chad
93%
País limítrofe Etiopía
93%
Desierto que cubre la mayor parte del Sudán Sahara
93%
La religión dominante Islam
92%
El río más largo Nilo
92%
País limítrofe Eritrea
91%
País limítrofe Libia
90%
Mar que bordea el Sudán Mar Rojo
87%
Sudán tiene el mayor número de este tipo de estructura antigua, incluso más que su vecino del norte Pirámide
85%
Idiomas oficiales Árabe
84%
Capital Jartum
83%
País limítrofe República Centroafricana
82%
Sudán tiene la segunda mayor población de este animal del desierto Camello
80%
Idiomas oficiales Inglés
76%
Principales afluentes de la respuesta anterior Nilo Azul
44%
Principales afluentes de la respuesta anterior Nilo Blanco
44%
Nombre de la región histórica del Sudán septentrional Nubia
33%
Región cuyo conflicto del siglo XXI ha sido calificado de genocidio Darfur
31%
La ciudad más grande de Sudán que toca ese mar Puerto Sudán
23%
No se encontraron pruebas coincidentes
Distribución de puntuación
Porcentaje de gente con cada puntuación
Porcentaje por número respondido
Historial de tus puntuaciones
No has intentado esta prueba.